000 00602nam a22001817a 4500
003 UA-OsUOA
001 18439
007 ta
008 20040515b un ||||| |||| 00| 0 ukr d
100 _aСавченко Н.
942 _cSA
040 _aUA-OsUOA
_cUA-OsUOA
_dUA-OsUOA
245 _aВ ім'я безпеки і спокою
_b[Внесок УБОЗу Рівненщини у справу боротьби зі злочинністю ]
300 _aС.6
955 _a0
773 0 _w0
_tСім днів
_dРівне
_d2004
_g№19/ 7 трав./
650 7 _aКраєзнавча робота
_2UDC
999 _c304610
_d304610